000 00298nam a22001217a 4500
008 181101b xxu||||| |||| 00| 0 eng d
041 _aeng
080 _a615.5
100 _a7
101 _ader
245 _aColor Atlas And Synopsis Of Clinical Deermiatology
_cThomas.B.F
942 _2udc
_cBK
999 _c51462
_d51462